No-tillage seeding in conservation agriculture / (Record no. 13732)
[ view plain ]
| 000 -LEADER | |
|---|---|
| fixed length control field | 00714cam a22002174a 4500 |
| 020 ## - INTERNATIONAL STANDARD BOOK NUMBER | |
| ISBN | 1845931165 (CABI) |
| 020 ## - INTERNATIONAL STANDARD BOOK NUMBER | |
| ISBN | 9781845931162 (CABI) |
| 020 ## - INTERNATIONAL STANDARD BOOK NUMBER | |
| ISBN | 9251053898 (FAO) |
| 020 ## - INTERNATIONAL STANDARD BOOK NUMBER | |
| ISBN | 9789251053898 (FAO) |
| 082 00 - DEWEY DECIMAL CLASSIFICATION NUMBER | |
| Classification number | 631.531 |
| Item number | BAK/NO |
| 245 00 - TITLE STATEMENT | |
| Title | No-tillage seeding in conservation agriculture / |
| 250 ## - EDITION STATEMENT | |
| Edition statement | 2nd ed. |
| 260 ## - PUBLICATION, DISTRIBUTION, ETC. (IMPRINT) | |
| Place of publication | Wallingford, UK ; |
| -- | Cambridge, MA : |
| Name of publisher | Published jointly by Food and Agriculture Organization of the United Nations and Cabi Pub., |
| Year of publication | c2007. |
| 300 ## - PHYSICAL DESCRIPTION | |
| Number of Pages | xiv, 326 p. : |
| Other physical details | ill. ; |
| 500 ## - GENERAL NOTE | |
| General note | Rev. ed. of: No-tillage seeding / C.J. Baker . 1996. |
| 650 #0 - SUBJECT ADDED ENTRY--TOPICAL TERM | |
| Topical Term | No-tillage. |
| 700 1# - ADDED ENTRY--PERSONAL NAME | |
| Personal name | Baker, C. J. |
| 700 1# - ADDED ENTRY--PERSONAL NAME | |
| Personal name | Saxton, Keith E., |
| 700 1# - ADDED ENTRY--PERSONAL NAME | |
| Personal name | Baker, C. J. |
| 942 ## - ADDED ENTRY ELEMENTS (KOHA) | |
| Koha item type | Books |
| Withdrawn status | Lost status | Damaged status | Collection code | Home library | Current library | Shelving location | Date acquired | Source of acquisition | Cost, normal purchase price | Full call number | Accession Number | Koha item type |
|---|---|---|---|---|---|---|---|---|---|---|---|---|
| Reference | KAUAET | KAUAET | General Stacks | 31/03/2012 | International Books & Periodicals Supply Service, Delhi | 7389.00 | 631.531 BAK/NO | 23570 | Books |
